00850cam a2200217 a 4500999001700000008004100017020002200058050002400080245010700104250001200211260003700223300002800260630001600288650005200304650004000356650003100396650002700427700002000454942003400474952012400508 c17099d17099000508s2000 nyu 000 0 eng  a0393975738 (pbk.)00aPE1404 b.B775 200002aA guide to teaching with Literacies :breading, writing, interpretation /cTerence Brunk ... [et al.]. a2nd ed. aNew York :bW.W. Norton,cc2000. axxxiv, 281 p. ;c23 cm.00aLiteracies. 0aEnglish languagexRhetoricxStudy and teaching. 0aReport writingxStudy and teaching. 0aReading (Higher education) 0aReading comprehension.1 aBrunk, Terence. 2lcccBOOKShPE1404 .B775 2000 00102lcc4070aMUCbMUCcTECHd2016-11-21eDonation (BFA)l0oPE1404 .B775 2000p28255r2018-06-08w2016-11-21yBOOKS